[Event "San Jose 1000 GM Spring Break 3 Gp2"]
[Site "San Jose"]
[Date "2024.04.06"]
[Round "3.2"]
[White "Penagalapati, Abhinav"]
[Black "Dominguez Aguilar, Guillermo"]
[Result "0-1"]
[WhiteElo "2098"]
[BlackElo "2285"]
[PlyCount "68"]
[EventDate "2024.04.05"]
[EventType "schev"]
[EventRounds "5"]
[EventCountry "USA"]
[SourceTitle "CB16_2024"]
[SourceDate "2024.04.17"]
[SourceVersion "1"]
[SourceVersionDate "2024.04.17"]
[SourceQuality "1"]
[WhiteTeam "Challengers"]
[BlackTeam "Masters"]
[WhiteTeamCountry "USA"]
[BlackTeamCountry "USA"]

1. Nf3 Nf6 2. c4 g6 3. Nc3 c5 4. g3 Bg7 5. Bg2 0-0 6. 0-0 d5 7. cxd5 Nxd5 8. Qb3 Nb4 9. a3 Be6 10. Qa4 Bd7 11. Qb3 Qa5 12. axb4 Qxa1 13. bxc5 Nc6 14. d4 Qa6 15. Rd1 b6 16. Nd5 Rab8 17. Qe3 bxc5 18. dxc5 Qa4 19. Nc3 Bxc3 20. Rxd7 Bxb2 21. Bxb2 Rxb2 22. h4 Rc2 23. Rc7 Qb5 24. Kh2 Rxe2 25. Qh6 Ne5 26. Nxe5 Rxe5 27. c6 Qb6 28. Rb7 Qxf2 29. c7 Re2 30. Qxf8+ Kxf8 31. c8Q+ Kg7 32. Qc6 Re3 33. Qc7 e5 34. Kh1 Qe1+ 0-1

[Event "San Jose 1000 GM Spring Break 2 Gp2"]
[Site "San Jose"]
[Date "2024.04.03"]
[Round "3.1"]
[White "Zhuge, Katherine"]
[Black "Dominguez Aguilar, Guillermo"]
[Result "0-1"]
[WhiteElo "1778"]
[BlackElo "2285"]
[PlyCount "114"]
[EventDate "2024.04.02"]
[EventType "schev"]
[EventRounds "5"]
[EventCountry "USA"]
[SourceTitle "CB16_2024"]
[SourceDate "2024.04.17"]
[SourceVersion "1"]
[SourceVersionDate "2024.04.17"]
[SourceQuality "1"]
[WhiteTeam "Challengers"]
[BlackTeam "Masters"]
[WhiteTeamCountry "USA"]
[BlackTeamCountry "USA"]

1. e4 c5 2. Nf3 Nc6 3. c4 g6 4. d4 cxd4 5. Nxd4 Bg7 6. Be3 Nf6 7. Nc3 d6 8. f3 0-0 9. Qd2 Ne5 10. Be2 Bd7 11. 0-0 Rc8 12. b3 a6 13. Rfc1 Re8 14. Rab1 h5 15. Bf1 e6 16. Kh1 Qe7 17. Nd1 d5 18. exd5 exd5 19. Bg5 Qd6 20. Ne3 dxc4 21. bxc4 Neg4 22. Nxg4 hxg4 23. Bf4 Qc5 24. Nb3 Qh5 25. fxg4 Bxg4 26. Re1 Ne4 27. Qc2 Qf5 28. Bd3 Qxf4 29. Rxe4 Rxe4 30. Bxe4 Be5 31. g3 Bf3+ 32. Bxf3 Qxf3+ 33. Qg2 Qxg2+ 34. Kxg2 Rxc4 35. Na5 Rc2+ 36. Kh3 b5 37. Rb3 Rxa2 38. Nc6 Bd6 39. Rd3 Bc5 40. Rd8+ Kg7 41. Ra8 f5 42. Nb8 a5 43. Nc6 a4 44. Rb8 Rb2 45. Nd8 Bg1 46. g4 Kf6 47. Rb7 f4 48. Rf7+ Ke5 49. g5 Rxh2+ 50. Kg4 Rg2+ 51. Kf3 Rg3+ 52. Ke2 Rxg5 53. Rb7 Ke4 54. Re7+ Re5 55. Rd7 f3+ 56. Kf1 Bc5 57. Nf7 Rh5 0-1

[Event "San Jose 1000 GM Spring Break 1B"]
[Site "San Jose"]
[Date "2024.03.31"]
[Round "5.2"]
[White "Dominguez Aguilar, Guillermo"]
[Black "Pulijala, Akshaj"]
[Result "1-0"]
[WhiteElo "2284"]
[BlackElo "1815"]
[PlyCount "93"]
[EventDate "2024.03.29"]
[EventType "schev"]
[EventRounds "5"]
[EventCountry "USA"]
[SourceTitle "CB16_2024"]
[SourceDate "2024.04.17"]
[SourceVersion "1"]
[SourceVersionDate "2024.04.17"]
[SourceQuality "1"]

1. e4 c5 2. Nc3 Nc6 3. f4 d6 4. Nf3 g6 5. Bb5 Bg7 6. Bxc6+ bxc6 7. 0-0 Bg4 8. h3 Bxf3 9. Qxf3 e6 10. f5 Qd7 11. d3 f6 12. Qg3 Ne7 13. fxe6 Qxe6 14. Bf4 Rd8 15. Rae1 0-0 16. b3 Qd7 17. Nd1 d5 18. Bc7 Rde8 19. Bd6 dxe4 20. dxe4 Rf7 21. Bxc5 Nc8 22. Nf2 Bf8 23. Qc3 Nd6 24. a4 Qe6 25. Bd4 Bg7 26. Qc5 Bf8 27. Qxc6 Rc8 28. Qd5 Qxd5 29. exd5 Nf5 30. c3 Nxd4 31. cxd4 Rd8 32. Re6 f5 33. Nd3 Rxd5 34. Ne5 Rb7 35. g4 Bh6 36. gxf5 gxf5 37. Rxh6 Rg7+ 38. Kh2 Rxd4 39. Rf2 f4 40. Rf6 Re4 41. Nc4 h5 42. R6xf4 Rxf4 43. Rxf4 Rb7 44. Na5 Rc7 45. Rf5 Rh7 46. Nc6 Kg7 47. Ra5 1-0

[Event "Santa Clara 1000 GM Schev3 03"]
[Site "Santa Clara"]
[Date "2024.03.10"]
[Round "2.2"]
[White "Dominguez Aguilar, Guillermo"]
[Black "Penagalapati, Abhinav"]
[Result "1-0"]
[WhiteElo "2284"]
[BlackElo "2043"]
[PlyCount "51"]
[EventDate "2024.03.06"]
[EventType "schev"]
[EventRounds "5"]
[EventCountry "USA"]
[SourceTitle "CB13_2024"]
[SourceDate "2024.03.27"]
[SourceVersion "1"]
[SourceVersionDate "2024.03.27"]
[SourceQuality "1"]

1. c4 c6 2. e4 d5 3. exd5 cxd5 4. d4 Nf6 5. Nc3 dxc4 6. Bxc4 e6 7. Nf3 Be7 8. 0-0 0-0 9. Qe2 Nc6 10. Rd1 Nb4 11. Ne5 Nbd5 12. Bg5 Re8 13. Rd3 Bd7 14. Rh3 Rc8 15. Re1 a6 16. Bd3 g6 17. Qf3 Bc6 18. Ne4 Qa5 19. Bd2 Qb6 20. g4 Qxd4 21. Bc3 Nxc3 22. Nxf6+ Bxf6 23. Qxf6 Rc7 24. bxc3 Qxc3 25. Rd1 Qd4 26. Rxh7 1-0

[Event "Santa Clara 1000 GM Schev3 03"]
[Site "Santa Clara"]
[Date "2024.03.10"]
[Round "4.5"]
[White "Dominguez Aguilar, Guillermo"]
[Black "Suarez, Sebastian"]
[Result "1-0"]
[WhiteElo "2284"]
[BlackElo "2113"]
[PlyCount "63"]
[EventDate "2024.03.06"]
[EventType "schev"]
[EventRounds "5"]
[EventCountry "USA"]
[SourceTitle "CB13_2024"]
[SourceDate "2024.03.27"]
[SourceVersion "1"]
[SourceVersionDate "2024.03.27"]
[SourceQuality "1"]

1. e4 c5 2. Nf3 e6 3. d4 cxd4 4. Nxd4 a6 5. Bd3 Nf6 6. 0-0 Qc7 7. Qe2 d6 8. c4 Be7 9. b3 0-0 10. Bb2 Nbd7 11. Nc3 b6 12. Rac1 Bb7 13. Bb1 Rfe8 14. f4 Rad8 15. Kh1 Bf8 16. Nf3 g6 17. e5 Nh5 18. Ng5 Bh6 19. exd6 Qxd6 20. Rcd1 Qc7 21. Nce4 Bxe4 22. Nxe4 f5 23. Nd6 Bxf4 24. Nxe8 Rxe8 25. Bxf5 Nf8 26. Bg4 Ng7 27. g3 Bd6 28. Qe4 a5 29. Rd3 h5 30. Bh3 Qe7 31. Qc6 Bc5 32. Bf6 1-0

[Event "Santa Clara 1000 GM Schev3 03"]
[Site "Santa Clara"]
[Date "2024.03.09"]
[Round "1.3"]
[White "Champsi, Imran"]
[Black "Dominguez Aguilar, Guillermo"]
[Result "0-1"]
[WhiteElo "2057"]
[BlackElo "2284"]
[PlyCount "68"]
[EventDate "2024.03.06"]
[EventType "schev"]
[EventRounds "5"]
[EventCountry "USA"]
[SourceTitle "CB13_2024"]
[SourceDate "2024.03.27"]
[SourceVersion "1"]
[SourceVersionDate "2024.03.27"]
[SourceQuality "1"]

1. d4 Nf6 2. c4 c5 3. d5 e6 4. Nc3 exd5 5. cxd5 d6 6. e4 a6 7. a4 g6 8. Bd3 Nbd7 9. Nf3 Bg7 10. h3 0-0 11. 0-0 Nh5 12. a5 Re8 13. Bc2 Rb8 14. Nd2 Qh4 15. Nc4 Ne5 16. Nxd6 Bxh3 17. Nxe8 Bg4 18. f3 Nxf3+ 19. Rxf3 Bd4+ 20. Be3 Bxe3+ 21. Rxe3 Bxd1 22. Rxd1 Rxe8 23. d6 Nf6 24. Rh3 Qg5 25. Bb3 c4 26. Ba4 Rd8 27. Rf3 Qc5+ 28. Kh1 Rxd6 29. Rdf1 Ng4 30. Nd5 Ne5 31. Nf6+ Kh8 32. Rh3 Rxf6 33. Rxf6 Qxa5 34. Ra3 Qe1+ 0-1

[Event "Sunnyvale 1000 GM MLK IM"]
[Site "Sunnyvale"]
[Date "2024.01.19"]
[Round "5"]
[White "Dominguez Aguilar, Guillermo"]
[Black "Guo, Ethan"]
[Result "1/2-1/2"]
[WhiteElo "2319"]
[BlackElo "2099"]
[PlyCount "57"]
[EventDate "2024.01.13"]
[EventType "tourn"]
[EventRounds "9"]
[EventCountry "USA"]
[EventCategory "2"]
[SourceTitle "CB04_2024"]
[SourceDate "2023.10.16"]
[SourceVersion "1"]
[SourceVersionDate "2023.10.16"]
[SourceQuality "1"]

1. e4 c5 2. Nc3 d6 3. f4 g6 4. Nf3 Bg7 5. Bb5+ Bd7 6. 0-0 Nc6 7. d3 Nd4 8. Nxd4 Bxd4+ 9. Kh1 Bxb5 10. Nxb5 Bg7 11. Qf3 Qd7 12. c4 a6 13. Nc3 e6 14. f5 0-0-0 15. Bg5 f6 16. fxe6 Qxe6 17. Be3 Ne7 18. Rab1 f5 19. Qh3 h6 20. Nd5 Nxd5 21. cxd5 Qd7 22. exf5 gxf5 23. b4 f4 24. Qxd7+ Rxd7 25. Bxf4 Rf8 26. g3 cxb4 27. Rxb4 Rf5 28. Re1 b5 29. a4 1/2-1/2

[Event "Sunnyvale 1000 GM MLK IM"]
[Site "Sunnyvale"]
[Date "2024.01.14"]
[Round "4"]
[White "Tang, Dylan"]
[Black "Dominguez Aguilar, Guillermo"]
[Result "1/2-1/2"]
[WhiteElo "2206"]
[BlackElo "2319"]
[PlyCount "49"]
[EventDate "2024.01.13"]
[EventType "tourn"]
[EventRounds "9"]
[EventCountry "USA"]
[EventCategory "2"]
[SourceTitle "CB04_2024"]
[SourceDate "2023.10.16"]
[SourceVersion "1"]
[SourceVersionDate "2023.10.16"]
[SourceQuality "1"]

1. e4 c5 2. Nf3 d6 3. d4 cxd4 4. Nxd4 Nf6 5. Nc3 g6 6. Be3 Bg7 7. f3 Nc6 8. Qd2 0-0 9. 0-0-0 d5 10. exd5 Nxd5 11. Nxc6 bxc6 12. Bd4 e5 13. Bc5 Be6 14. Ne4 Re8 15. h4 Rb8 16. Bc4 Nf4 17. Bxe6 Nxe6 18. Qxd8 Rbxd8 19. Be3 f5 20. Ng5 Nf4 21. Rxd8 Rxd8 22. Bxf4 exf4 23. Ne6 Re8 24. Nxg7 Kxg7 25. Kd2 1/2-1/2

[Event "Sunnyvale 1000 IM Winter 01"]
[Site "Sunnyvale"]
[Date "2024.01.02"]
[Round "1"]
[White "Dominguez Aguilar, Guillermo"]
[Black "Stevens, Adam B"]
[Result "1-0"]
[WhiteElo "2319"]
[BlackElo "1878"]
[PlyCount "37"]
[EventDate "2024.01.02"]
[EventType "schev"]
[EventRounds "9"]
[EventCountry "USA"]
[SourceTitle "CB02_2024"]
[SourceDate "2024.01.10"]
[SourceVersion "1"]
[SourceVersionDate "2024.01.10"]
[SourceQuality "1"]

1. c4 e6 2. Nf3 Nf6 3. g3 d5 4. Bg2 dxc4 5. 0-0 Be7 6. Na3 0-0 7. Nxc4 c5 8. d4 Nc6 9. dxc5 Bxc5 10. a3 a6 11. b4 Ba7 12. Bb2 Qe7 13. Qc2 Bd7 14. Rad1 Nd5 15. e4 Nb6 16. Nd6 Be8 17. e5 Nd8 18. Rd4 h6 19. Rg4 1-0

[Event "Sunnyvale 1000 IM Winter 12"]
[Site "Sunnyvale"]
[Date "2023.12.29"]
[Round "7"]
[White "Sun, Kevin"]
[Black "Dominguez Aguilar, Guillermo"]
[Result "0-1"]
[WhiteElo "1974"]
[BlackElo "2319"]
[PlyCount "70"]
[EventDate "2023.12.26"]
[EventType "schev"]
[EventRounds "9"]
[EventCountry "USA"]
[SourceTitle "CB01_2024"]
[SourceDate "2024.01.03"]
[SourceVersion "1"]
[SourceVersionDate "2024.01.03"]
[SourceQuality "1"]

1. e4 c5 2. Nf3 d6 3. d4 cxd4 4. Nxd4 Nf6 5. Nc3 g6 6. Be3 Bg7 7. f3 Nc6 8. Qd2 0-0 9. 0-0-0 Bd7 10. g4 Rc8 11. Kb1 Ne5 12. h4 h5 13. gxh5 Nxh5 14. Rg1 Kh7 15. Be2 Nc4 16. Bxc4 Rxc4 17. f4 Nxf4 18. b3 Rxc3 19. Qxc3 Ne2 20. Qd3 Nxg1 21. Rxg1 Qa5 22. Rh1 Bg4 23. Bd2 Qe5 24. Bc3 Rc8 25. Bb2 d5 26. Re1 f5 27. Qb5 dxe4 28. Qxb7 Rc7 29. Qb4 f4 30. Qb5 Rc5 31. Qe8 e3 32. c3 f3 33. Qf7 f2 34. Rc1 Bf5+ 35. Ka1 e2 0-1

[Event "Iberoamerican-ch 8th"]
[Site "Mexico City"]
[Date "2022.02.19"]
[Round "9"]
[White "Dominguez Aguilar, Guillermo"]
[Black "Perez Gormaz, Matias Ariel"]
[Result "1-0"]
[WhiteElo "2321"]
[BlackElo "2404"]
[PlyCount "65"]
[EventDate "2022.02.12"]
[EventType "swiss"]
[EventRounds "9"]
[EventCountry "MEX"]
[SourceTitle "CBM 206 Extra"]
[Source "ChessBase"]
[SourceDate "2022.03.31"]
[SourceVersion "1"]
[SourceVersionDate "2022.03.31"]
[SourceQuality "1"]

1. e4 c5 2. Nc3 Nc6 3. f4 g6 4. Nf3 Bg7 5. Bb5 Nd4 6. 0-0 Nxb5 7. Nxb5 d5 8. exd5 a6 9. Nc3 Nf6 10. d4 c4 11. Ne5 Nxd5 12. Qe2 Nxc3 13. bxc3 Be6 14. Rb1 Qc7 15. Qe4 Rb8 16. Ba3 0-0 17. Bc5 b6 18. Ba3 Rbc8 19. d5 Bf5 20. Qe3 b5 21. Nc6 Bf6 22. Nxe7+ Bxe7 23. Bxe7 Rfe8 24. Rbe1 Bxc2 25. d6 Qd7 26. Rf2 Bf5 27. h3 h5 28. Qd4 Rc6 29. Re5 b4 30. g4 hxg4 31. hxg4 Bd3 32. f5 f6 33. Re6 1-0

[Event "Iberoamerican-ch 8th"]
[Site "Mexico City"]
[Date "2022.02.12"]
[Round "1"]
[White "Santiago Gonzalez, Frida"]
[Black "Dominguez Aguilar, Guillermo"]
[Result "0-1"]
[WhiteElo "1758"]
[BlackElo "2321"]
[PlyCount "60"]
[EventDate "2022.02.12"]
[EventType "swiss"]
[EventRounds "9"]
[EventCountry "MEX"]
[SourceTitle "CBM 206 Extra"]
[Source "ChessBase"]
[SourceDate "2022.03.31"]
[SourceVersion "1"]
[SourceVersionDate "2022.03.31"]
[SourceQuality "1"]

1. Nf3 c5 2. e4 d6 3. g3 Nf6 4. d3 Nc6 5. Bg2 e6 6. 0-0 Be7 7. Nbd2 0-0 8. Re1 Rb8 9. Nf1 b5 10. N3d2 Bb7 11. f4 d5 12. e5 Ne8 13. Nf3 Nc7 14. g4 d4 15. Ng3 c4 16. Bd2 Nd5 17. Ne4 Qc7 18. Qe2 Ncb4 19. Nxd4 cxd3 20. cxd3 Qb6 21. Bc3 Nxf4 22. Qd2 Nbxd3 23. Rf1 Nxg2 24. Nf6+ gxf6 25. exf6 Bxf6 26. Rxf6 Ne5 27. Qg5+ Ng6 28. Kf1 b4 29. Nxe6 fxe6 30. Ke2 Ba6+ 0-1

[Event "Mexico City Latinoamericano-C 1st"]
[Site "Mexico City"]
[Date "2021.11.06"]
[Round "5"]
[White "Dominguez Aguilar, Guillermo"]
[Black "Banuelos Ramos, Miguel Valente"]
[Result "1-0"]
[WhiteElo "2317"]
[BlackElo "2104"]
[PlyCount "67"]
[EventDate "2021.11.04"]
[EventType "tourn"]
[EventRounds "9"]
[EventCountry "MEX"]
[EventCategory "1"]
[SourceTitle "CBM 205 Extra"]
[Source "ChessBase"]
[SourceDate "2022.01.31"]
[SourceVersion "1"]
[SourceVersionDate "2022.01.31"]
[SourceQuality "1"]

1. e4 e5 2. Nc3 Nc6 3. Nf3 Nf6 4. d4 exd4 5. Nxd4 Bb4 6. Nxc6 bxc6 7. Bd3 0-0 8. 0-0 Bxc3 9. bxc3 h6 10. f4 Re8 11. e5 Nd5 12. Qe1 Qe7 13. c4 Nb4 14. Qg3 Nxd3 15. cxd3 d5 16. cxd5 Qc5+ 17. Rf2 Qxd5 18. Bb2 Bf5 19. e6 g6 20. exf7+ Qxf7 21. Be5 Qd5 22. d4 Rab8 23. Qh4 Kh7 24. Qf6 Qd7 25. Rc1 Re6 26. Qh4 Qd5 27. h3 Qe4 28. Kh2 g5 29. Qh5 Bg6 30. Qg4 Bf5 31. Qd1 Bg6 32. Qf1 Rf8 33. Re1 Qd3 34. f5 1-0

[Event "Mexico City Latinoamericano-C 1st"]
[Site "Mexico City"]
[Date "2021.11.04"]
[Round "1"]
[White "Corrales Jimenez, Zenia"]
[Black "Dominguez Aguilar, Guillermo"]
[Result "0-1"]
[WhiteElo "2198"]
[BlackElo "2317"]
[PlyCount "94"]
[EventDate "2021.11.04"]
[EventType "tourn"]
[EventRounds "9"]
[EventCountry "MEX"]
[EventCategory "1"]
[SourceTitle "CBM 205 Extra"]
[Source "ChessBase"]
[SourceDate "2022.01.31"]
[SourceVersion "1"]
[SourceVersionDate "2022.01.31"]
[SourceQuality "1"]

1. e4 g6 2. d4 Bg7 3. Nc3 d6 4. Be3 a6 5. Qd2 b5 6. h4 Bb7 7. f3 h5 8. Nh3 Nd7 9. Ng5 Ngf6 10. 0-0-0 c5 11. dxc5 dxc5 12. e5 Nxe5 13. Qxd8+ Rxd8 14. Rxd8+ Kxd8 15. Bf4 Nfd7 16. Bxe5 Nxe5 17. f4 Bh6 18. fxe5 f6 19. Bd3 fxg5 20. hxg5 Bxg5+ 21. Kb1 Bf4 22. Bxg6 Bxg2 23. Rxh5 Rxh5 24. Bxh5 Bxe5 25. Bf7 Bxc3 26. bxc3 Bf1 27. Bg6 Bc4 28. Be4 Kc7 29. a3 e6 30. Kc1 Bd5 31. Bd3 e5 32. Bf5 Kb6 33. Kd2 c4 34. Ke3 Bb7 35. Kd2 Ka5 36. Kc1 Ka4 37. Kb2 e4 38. Bg4 e3 39. Be2 Be4 40. Bg4 Bd3 41. cxd3 cxd3 42. Kc1 Kb3 43. Kd1 Kxc3 44. Bf5 e2+ 45. Ke1 Kc2 46. Be4 a5 47. Kf2 Kd2 0-1

[Event "Mexico City Fenamac-B 3rd"]
[Site "Mexico City"]
[Date "2021.07.21"]
[Round "1"]
[White "Gracia Alvarez, Gerardo Antonio"]
[Black "Dominguez Aguilar, Guillermo"]
[Result "1/2-1/2"]
[WhiteElo "2292"]
[BlackElo "2327"]
[PlyCount "42"]
[EventDate "2021.07.21"]
[EventType "tourn"]
[EventRounds "9"]
[EventCountry "MEX"]
[EventCategory "2"]
[SourceTitle "CBM 203 Extra"]
[Source "ChessBase"]
[SourceDate "2021.09.30"]
[SourceVersion "1"]
[SourceVersionDate "2021.09.30"]
[SourceQuality "1"]

1. e4 e6 2. d4 d5 3. Nd2 Nc6 4. Ngf3 Nf6 5. e5 Nd7 6. Bd3 Nb4 7. Be2 c5 8. c3 Nc6 9. 0-0 Qb6 10. c4 cxd4 11. cxd5 exd5 12. Nb3 Ndxe5 13. Nxe5 Nxe5 14. Nxd4 Bc5 15. Nb3 d4 16. Bf4 Nc6 17. Nxc5 Qxc5 18. Rc1 Qe7 19. Bd3 Be6 20. Qh5 Rd8 21. Be4 Bc8 1/2-1/2

[Event "Mexico City Fenamac IM-1 1st"]
[Site "Mexico City"]
[Date "2021.05.07"]
[Round "3"]
[White "Garcia Almaguer, Juan Manuel"]
[Black "Dominguez Aguilar, Guillermo"]
[Result "1/2-1/2"]
[WhiteElo "2206"]
[BlackElo "2322"]
[PlyCount "43"]
[EventDate "2021.05.05"]
[EventType "tourn"]
[EventRounds "9"]
[EventCountry "MEX"]
[EventCategory "2"]
[SourceTitle "CBM 202 Extra"]
[Source "ChessBase"]
[SourceDate "2021.07.31"]
[SourceVersion "1"]
[SourceVersionDate "2021.07.31"]
[SourceQuality "1"]

1. e4 c5 2. c3 d6 3. d4 Nf6 4. dxc5 Nc6 5. Qc2 dxc5 6. Be3 e5 7. h3 Be7 8. Nf3 0-0 9. Be2 b6 10. 0-0 Bb7 11. Rd1 Qc7 12. Bg5 Nd8 13. Bxf6 Bxf6 14. Na3 Ne6 15. Nb5 Qe7 16. Nd6 Bc6 17. Rd2 Bg5 18. Rdd1 Bf6 19. Bb5 Bxb5 20. Nxb5 a6 21. Nd6 g6 22. a4 1/2-1/2

[Event "Mexico City Fenamac-B 2nd"]
[Site "Mexico City"]
[Date "2020.03.16"]
[Round "9"]
[White "Dominguez Aguilar, Guillermo"]
[Black "Fernandez Cardoso, Alexey"]
[Result "1-0"]
[WhiteElo "2321"]
[BlackElo "2424"]
[PlyCount "81"]
[EventDate "2020.03.12"]
[EventType "tourn"]
[EventRounds "9"]
[EventCountry "MEX"]
[EventCategory "2"]
[SourceTitle "CBM 195 Extra"]
[Source "ChessBase"]
[SourceDate "2020.05.31"]
[SourceVersion "1"]
[SourceVersionDate "2020.05.31"]
[SourceQuality "1"]

1. e4 c5 2. Nc3 Nc6 3. Bb5 Nd4 4. Nf3 e6 5. 0-0 a6 6. Bd3 Ne7 7. Nxd4 cxd4 8. Ne2 Nc6 9. Ng3 h5 10. f4 h4 11. Nh1 Bc5 12. Nf2 d6 13. a3 b5 14. b4 Bb6 15. c4 dxc3 16. dxc3 h3 17. g3 Bb7 18. a4 bxa4 19. Rxa4 e5 20. f5 Ne7 21. Qe2 Rc8 22. Ra3 d5 23. Be3 d4 24. cxd4 exd4 25. Bd2 Nc6 26. Bxa6 Bxa6 27. Qxa6 0-0 28. Nd3 Re8 29. f6 Ne5 30. fxg7 Nxd3 31. Rxd3 Rxe4 32. Qb7 Qe8 33. Qxb6 Rc6 34. Qa5 Re5 35. Qa7 Rd6 36. Rxd4 Re7 37. Qa1 Rg6 38. Rh4 Rxg7 39. Qf6 Re6 40. Qf3 Qd8 41. Bc3 1-0

[Event "Mexico City Fenamac-B 2nd"]
[Site "Mexico City"]
[Date "2020.03.13"]
[Round "2"]
[White "Guerrero Rodriguez, Alejandra"]
[Black "Dominguez Aguilar, Guillermo"]
[Result "0-1"]
[WhiteElo "2088"]
[BlackElo "2321"]
[PlyCount "66"]
[EventDate "2020.03.12"]
[EventType "tourn"]
[EventRounds "9"]
[EventCountry "MEX"]
[EventCategory "2"]
[SourceTitle "CBM 195 Extra"]
[Source "ChessBase"]
[SourceDate "2020.05.31"]
[SourceVersion "1"]
[SourceVersionDate "2020.05.31"]
[SourceQuality "1"]

1. e4 c5 2. Nf3 Nc6 3. c3 e6 4. d4 d5 5. exd5 exd5 6. Be2 Nf6 7. h3 Ne4 8. Be3 cxd4 9. Nxd4 Bd6 10. 0-0 0-0 11. Nd2 Nxd4 12. Bxd4 Bxh3 13. Nxe4 dxe4 14. Bg4 Bxg2 15. Kxg2 f5 16. Qb3+ Rf7 17. Qe6 fxg4 18. Rh1 Qe7 19. Qxg4 Bf4 20. Rh5 b6 21. Rah1 h6 22. Rxh6 Bxh6 23. Rxh6 Qd7 24. Qxe4 Re8 25. Qh7+ Kf8 26. Rg6 Qd5+ 27. Kf1 Qc4+ 28. Kg2 Re1 29. Bxg7+ Ke8 30. Qh8+ Kd7 31. Qh3+ Kc7 32. Qg3+ Kb7 33. Kh2 Qe4 0-1